000 00375nam a2200145 a 4500
001 1778578638360
003 YourLibrary
005 20260512150838.0
008 260512s2026##################000#0#eng##
020 _a9780521264785
082 0 4 _a420.9
_bBUR.5
245 1 0 _aError - Book not found in Google Books :
942 _cENGLISH
040 _aYourLibrary
_beng
_cYourLibrary
999 _c623117
_d623117